泡泡车 / (Record no. 10101)
[ view plain ]
| 000 -LEADER | |
|---|---|
| fixed length control field | 00869nam a22001937a 4500 |
| 001 - CONTROL NUMBER | |
| control field | 10101 |
| 003 - CONTROL NUMBER IDENTIFIER | |
| control field | FISKH |
| 005 - DATE AND TIME OF LATEST TRANSACTION | |
| control field | 20260408121133.0 |
| 008 - FIXED-LENGTH DATA ELEMENTS--GENERAL INFORMATION | |
| fixed length control field | 260408b cb ||||| |||| 00| 0 eng d |
| 020 ## - INTERNATIONAL STANDARD BOOK NUMBER | |
| International Standard Book Number | 9787830003586 |
| 040 ## - CATALOGING SOURCE | |
| Original cataloging agency | FISKH |
| Language of cataloging | chi |
| Transcribing agency | FISKH |
| Modifying agency | FISKH |
| 100 ## - MAIN ENTRY--PERSONAL NAME | |
| Personal name | 米吉卡 |
| 245 ## - TITLE STATEMENT | |
| Title | 泡泡车 / |
| Statement of responsibility, etc. | By 米吉卡 |
| 300 ## - PHYSICAL DESCRIPTION | |
| Extent | 21 pages : |
| Other physical details | color illustrations ; |
| Dimensions | 26 cm . |
| 520 ## - SUMMARY, ETC. | |
| Summary, etc. | 《泡泡车》是米吉卡编著、柳子绘画的一本儿童图画书。故事讲述了一辆神奇的“泡泡车”以及它的冒险旅程。书中通过充满想象力的汽车和幽默趣味的故事情节,引导孩子发挥想象力,认识不同的事物和场景,同时享受轻松有趣的阅读体验。故事语言简单,插图丰富,非常适合低幼儿童阅读。 |
| 700 ## - ADDED ENTRY--PERSONAL NAME | |
| Personal name | 柳子 |
| Relator term | Illustrator |
| 942 ## - ADDED ENTRY ELEMENTS (KOHA) | |
| Source of classification or shelving scheme | Dewey Decimal Classification |
| Koha item type | Chinese Book |
| Suppress in OPAC | No |
| Withdrawn status | Lost status | Source of classification or shelving scheme | Damaged status | Not for loan | Collection | Home library | Current library | Shelving location | Date acquired | Total Checkouts | Full call number | Barcode | Date last seen | Price effective from | Koha item type |
|---|---|---|---|---|---|---|---|---|---|---|---|---|---|---|---|
| Dewey Decimal Classification | Reference | Footprints International School Library Network Toul Tom Poung Campus | Footprints International School Library Network Toul Tom Poung Campus | Librarian's Shelf TTP | 04/08/2026 | 米吉卡 | 2026-0473 | 04/08/2026 | 04/08/2026 | Chinese Book |
